| 000 | 01150nac a22002651u 4500 | ||
|---|---|---|---|
| 010 | _a2004117699 | ||
| 020 | _a0764579738 (pbk. : alk. paper) | ||
| 082 |
_a005.369 _bK2957 |
||
| 090 |
_c534 _d534 |
||
| 100 | _aKelly, Julia. | ||
| 245 | 1 | 0 |
_aMaster visually : _bExcel 2003 VBA programming / _cby Julia Kelly. |
| 246 | 3 | 0 | _aExcel 2003 VBA programming |
| 260 |
_aHoboken, NJ : _bWiley Pub.,2005 _c2005. |
||
| 300 |
_a407 p. : _bill. ; _c23 cm. |
||
| 490 | 1 | _aVisual read less, learn more | |
| 500 | _aIncludes index. | ||
| 650 | 0 |
_aBusiness _xComputer programs. |
|
| 650 | 0 | _aElectronic spreadsheets. | |
| 830 | 0 | _aVisual read less, learn more. | |
| 856 | 4 | 2 |
_3Contributor biographical information _uhttp://www.loc.gov/catdir/enhancements/fy0620/2004117699-b.html |
| 856 | 4 | 2 |
_3Publisher description _uhttp://www.loc.gov/catdir/enhancements/fy0620/2004117699-d.html |
| 856 | 4 | 2 |
_3Table of contents _uhttp://www.loc.gov/catdir/enhancements/fy0620/2004117699-t.html |
| 942 |
_cBB _k005.369K2957 |
||
| 999 |
_c534 _d534 |
||